Football Conspiracy Theories - Statistics

General Stats
  • This quiz has been taken 13 times
  • The average score is 4 of 10
Answer Stats
Hint Answer % Correct
The 1998 World Cup Final between France and Brazil had a strange subplot in which one of the best players in the world was left off the initial team sheet, a new team sheet was published with his name on it, Brazil didn't come out for their warm up and later it was revealed said player had to go to hospital, breeding multiple conspiracy theories. Which player was at the centre of this mystery? Ronaldo
83%
On 5 January 2011, which iconic Liverpool player missed a penalty against Blackburn Rovers at Ewood Park to lose the game, supposedly on purpose, in order to get failed manager Roy Hodgson sacked? Steven Gerrard
83%
Which French team only play at night? Paris Saint-Germain
58%
Which shaggy haired goalkeeper has supposedly never played for a club and is only defrosted at World Cups to plays for his national team Mexico? (The Mariah Carey of goalkeepers) Guillermo Ochoa
50%
Which celebrity psychic claimed he made the ball move before Gary McAllister took a penalty at Euro 96' against England? Uri Geller
42%
Which coastal Spanish team doesn't have an away kit? Villarreal
42%
What food item poisoned the entire Tottenham team in 2006 which led to them losing to West Ham on the final day and allowing Arsenal to nick the last UCL spot? Lasagna
25%
What surname has a 99% chance of being a professional footballer? Dembele
17%
Which referee was in charge of a controversial Chelsea Barcelona UCL semi final which resulted in Drogba screaming 'Disgrace!' into the camera? Tom Henning Ovrebo
17%
Which two identical-looking players did Alex Ferguson supposedly swap secretly at half-time to get an extra sub? Fabio, Rafael
8%
No matching quizzes found
Score Distribution
Percent of People with Each Score
Percentile by Number Answered
Your Score History
You have not taken this quiz